[Event "Kragero Resort A 2020"]
[Site "Kragero"]
[Date "2020.02.20"]
[Round "4.1"]
[White "Miedema, David"]
[Black "Mirzoev, Emil"]
[Result "1-0"]
[WhiteElo "2368"]
[BlackElo "2452"]
[Annotator "ChessBase"]
[PlyCount "111"]
[EventDate "2020.02.19"]
[EventType "swiss"]
[EventCountry "NOR"]
[SourceTitle "playchess.com"]
[Source "ChessBase"]
[SourceQuality "1"]
[TimeControl "5400+30"]

1. e4 {[%emt 0:00:45]} e6 {[%emt 0:03:37]} 2. d4 {[%emt 0:00:00]} d5 {[%emt 0:00:53]} 3. Nd2 {[%emt 0:00:00]} Be7 {[%emt 0:01:12]} 4. Ngf3 {[%emt 0:00:00]} Nf6 {[%emt 0:00:07]} 5. Bd3 {[%emt 0:00:04]} c5 {[%emt 0:00:11]} 6. dxc5 {[%emt 0:00:06]} dxe4 {[%emt 0:02:35]} 7. Nxe4 {[%emt 0:00:08]} Nxe4 {[%emt 0:00:06]} 8. Bxe4 {[%emt 0:00:03]} Qxd1+ {[%emt 0:00:07]} 9. Kxd1 {[%emt 0:00:02]} Bxc5 {[%emt 0:00:07]} 10. Ke2 {[%emt 0:00:18]} Nd7 {[%emt 0:00:52]} 11. Be3 {[%emt 0:00:41]} Bxe3 {[%emt 0:02:35]} 12. Kxe3 {[%emt 0:00:04]} Nc5 {[%emt 0:01:25]} 13. Rhd1 {[%emt 0:00:59]} Nxe4 {[%emt 0:00:42]} 14. Kxe4 {[%emt 0:00:03]} b6 {[%emt 0:00:07]} 15. Ke3 {[%emt 0:02:26]} Bb7 {[%emt 0:01:39]} 16. Rd6 {[%emt 0:01:11]} Ke7 {[%emt 0:01:35]} 17. Rd2 {[%emt 0:00:11]} Rhd8 {[%emt 0:01:22]} 18. Rad1 {[%emt 0:00:04]} Rxd2 {[%emt 0:01:04]} 19. Rxd2 {[%emt 0:00:04]} f6 {[%emt 0:00:15]} 20. Ne1 {[%emt 0:02:21]} e5 {[%emt 0:01:30]} 21. h4 {[%emt 0:01:43]} Rc8 {[%emt 0:02:05]} 22. g3 {[%emt 0:01:10]} Rc4 {[%emt 0:01:18]} 23. f3 {[%emt 0:00:06]} h5 {[%emt 0:01:36]} 24. b3 {[%emt 0:00:32]} Rc3+ {[%emt 0:00:16]} 25. Rd3 {[%emt 0:00:04]} Rc8 {[%emt 0:00:52]} 26. c4 {[%emt 0:01:14]} g5 {[%emt 0:08:30]} 27. hxg5 {[%emt 0:02:08]} fxg5 {[%emt 0:00:01]} 28. Rd2 {[%emt 0:00:10]} h4 {[%emt 0:00:28]} 29. Rh2 {[%emt 0:00:50]} Rh8 {[%emt 0:01:00]} 30. Ng2 {[%emt 0:01:06]} h3 {[%emt 0:17:05]} 31. Ne1 {[%emt 0:01:57]} e4 {[%emt 0:05:24]} 32. fxe4 {[%emt 0:01:15]} g4 {[%emt 0:00:31]} 33. Nd3 {[%emt 0:00:05]} Kd6 {[%emt 0:12:23]} 34. Rh1 {[%emt 0:05:39]} Rf8 {[%emt 0:05:35]} 35. Nf4 {[%emt 0:00:19]} Re8 {[%emt 0:00:54]} 36. Rd1+ {[%emt 0:00:14]} Kc7 {[%emt 0:01:37]} 37. Nd5+ {[%emt 0:00:12]} Bxd5 {[%emt 0:00:42]} 38. cxd5 {[%emt 0:00:13]} Rf8 {[%emt 0:00:03]} 39. e5 {[%emt 0:01:01]} Rf3+ {[%emt 0:00:22]} 40. Ke4 {[%emt 0:00:14]} Rxg3 {[%emt 0:00:06]} 41. d6+ {[%emt 0:00:04]} Kd8 {[%emt 0:01:04]} 42. e6 {[%emt 0:00:16]} Rg2 {[%emt 0:02:18]} 43. Ke3 {[%emt 0:02:42]} Rg3+ {[%emt 0:01:06]} 44. Ke4 {[%emt 0:02:24]} Rg2 {[%emt 0:00:02]} 45. Rf1 {[%emt 0:00:08]} Re2+ {[%emt 0:00:45]} 46. Kd5 {[%emt 0:00:09]} Kc8 {[%emt 0:02:53]} 47. d7+ {[%emt 0:02:31]} Kc7 {[%emt 0:00:02]} 48. Rc1+ {[%emt 0:00:04]} Kb7 {[%emt 0:00:02]} 49. Kd6 {[%emt 0:00:07]} Rd2+ {[%emt 0:01:40]} 50. Ke7 {[%emt 0:00:18]} h2 {[%emt 0:00:18]} 51. d8=Q {[%emt 0:00:16]} Rxd8 {[%emt 0:00:03]} 52. Kxd8 {[%emt 0:00:05]} g3 {[%emt 0:00:02]} 53. e7 {[%emt 0:00:05]} g2 {[%emt 0:00:05]} 54. e8=Q {[%emt 0:00:06]} g1=Q {[%emt 0:00:06]} 55. Qd7+ {[%emt 0:00:22]} Ka6 {[%emt 0:00:05]} 56. Qa4+ {[%emt 0:00:03]} 1-0

[Event "Kragero Resort A 2020"]
[Site "Kragero"]
[Date "2020.02.20"]
[Round "4.2"]
[White "Gharibyan, Mamikon"]
[Black "Osmak, Iulija"]
[Result "1-0"]
[WhiteElo "2405"]
[BlackElo "2394"]
[Annotator "TA"]
[PlyCount "117"]
[EventDate "2020.02.19"]
[EventType "swiss"]
[EventCountry "NOR"]
[SourceTitle "playchess.com"]
[Source "ChessBase"]
[SourceQuality "1"]

{[%evp 17,117,5,22,15,17,0,0,0,0,0,0,3,10,-45,-47,-70,-10,-14,-7,-3,29,28,28,24,9,0,0,-48,-59,-59,41,26,106,95,102,105,172,148,169,119,303,270,293,288,381,131,231,229,443,302,280,210,210,68,68,68,68,68,68,68,68,68,68,68,68,68,68,68,68,68,68,68,68,54,68,54,69,68,68,62,68,62,62,39,39,39,39,26,26,26,26,26,26,26,26,26,27,26,29995,29996,29996,29996]} 1. d4 e6 2. c4 Nf6 3. Nf3 b6 4. g3 c6 5. Bg2 Be7 6. O-O O-O 7. Nbd2 d5 8. Qc2 Bb7 9. e4 Na6 10. a3 {E06: Closed Catalan: Early deviations.} c5 {[%cal Rd5e4]} 11. e5 Nd7 12. dxc5 {The position is equal. 12.cxd5 is not played anymore.} bxc5 13. cxd5 exd5 {[#]} 14. Rd1 $146 ({Predecessor:} 14. b3 Nc7 15. Bb2 Ne6 16. Rfd1 Rb8 17. Nf1 d4 18. N1d2 Qc7 19. Re1 Bd5 20. Ng5 Bxg5 21. Bxd5 Bxd2 22. Qxd2 Nxe5 {0-1 (60) Kreisl,R (2448)-Fressinet,L (2664) Baku 2016}) 14... Nc7 15. Nf1 (15. b4 $11) 15... Ne6 16. Ne3 Nb6 (16... d4 $15 17. Nf5 Rb8) 17. Nf5 $11 Re8 18. h4 Bf8 19. Ng5 $36 {[%mdl 2048] White is more active.} Nxg5 $1 20. Bxg5 Qd7 21. Bf4 d4 22. b4 (22. Bxb7 {with more complications.} Qxb7 23. b4 Nd5 24. bxc5 Nxf4 25. gxf4 Rac8 26. Nxd4 Bxc5 27. Qe2) 22... Bxg2 23. Kxg2 cxb4 ({Black should try} 23... Nd5 $15) 24. axb4 $14 Bxb4 (24... Rac8 $11 {keeps the balance.} 25. Qe4 g6) 25. Rxd4 $16 Qb7+ 26. Kg1 Rec8 (26... Bf8 $16) 27. Qd1 Bf8 28. Qg4 {aiming for Nxg7!} Kh8 $2 (28... Rc6 $16 29. h5 g6) 29. h5 $18 h6 30. Rad1 Re8 31. Be3 $2 (31. Bxh6 $1 $18 {is the precise move to win.} gxh6 32. Nd6) 31... Rxe5 (31... Qc7 $16 {was worth a try.} 32. Rf4 Red8) 32. Rd8 {[%csl Gf5][%cal Rg4g7]} f6 $2 (32... Re8 33. Nd6 Bxd6 34. R8xd6 Re4 35. Rd8+ Re8) 33. Nd6 Qe7 34. Bxb6 Re1+ {[#]} 35. Kh2 (35. Rxe1 $1 $18 Qxe1+ 36. Kg2 Rxd8 37. Nf7+ {[%mdl 64] Double Attack} Kg8 38. Nxh6+ (38. Bxd8 Kxf7 39. Qd7+ Kg8 $15) (38. Nxd8 axb6 39. Qc4+ Kh7 $11) 38... Kh8 39. Nf7+ Kg8 40. Nh6+ (40. Bxd8 Kxf7 41. Qg6+ Kg8 $14) (40. Nxd8 axb6 41. Qc4+ Kh7 $16) 40... Kh8 41. Nf7+ Kg8 42. Nh6+ (42. Bxd8 Kxf7 43. Qg6+ Kg8 $14) (42. Nxd8 axb6 43. Qc4+ Kh7 $16)) 35... Rxd1 $14 36. Rxa8 Qxd6 37. Rd8 $1 Qxd8 $1 38. Bxd8 Rxd8 {[%mdl 4096] Endgame KQ-KRB} 39. Qc4 a5 $1 40. Qc7 {[%mdl 1024] White has compensation.} Ra8 41. Qb7 Rd8 42. Qb6 Ra8 43. Qc6 Rd8 44. f4 Bb4 45. Qb5 Rf8 46. Qf5 Bc3 47. Kh3 Be1 48. Kg4 Bb4 49. Kf3 Re8 50. g4 Kg8 51. Qd7 Kf8 52. g5 fxg5 53. fxg5 hxg5 54. Kg4 Re7 55. Qf5+ Kg8 56. Kxg5 Re8 57. h6 {Threatening mate with Kg6.} gxh6+ $2 {[%mdl 8192] [#]} (57... Re1 $11) 58. Kg6 $1 Rf8 59. Qd7 {Accuracy: White = 78%, Black = 62%.} 1-0

[Event "Kragero Resort A 2020"]
[Site "Kragero"]
[Date "2020.02.20"]
[Round "4.3"]
[White "Nordquelle, Daniel"]
[Black "Lie, Kjetil A."]
[Result "1/2-1/2"]
[WhiteElo "2242"]
[BlackElo "2523"]
[Annotator "TA"]
[PlyCount "38"]
[EventDate "2020.02.19"]
[EventType "swiss"]
[EventCountry "NOR"]
[SourceTitle "playchess.com"]
[Source "ChessBase"]
[SourceQuality "1"]

{[%evp 15,38,19,35,1,16,19,11,21,37,38,61,25,53,32,62,59,75,20,26,30,23,29,25,22,24]} 1. e4 c5 2. Nc3 e6 3. g3 a6 4. Bg2 Nc6 5. d3 g6 6. Be3 d6 7. Qd2 Bg7 8. Nge2 Nd4 9. Nd1 {B26: Closed Sicilian: 3 g3, lines with early Be3.} Nxe2 10. Qxe2 Ne7 11. Qd2 O-O 12. Bh6 {[#]} Nc6 $146 ({Predecessor:} 12... d5 13. Bxg7 Kxg7 14. Qc3+ Kg8 15. Qxc5 Bd7 16. c3 Re8 17. O-O Bb5 18. Ne3 Rc8 {½-½ (27) Stoeber,A-Braun,I (1949) Vellmar 2015}) 13. h4 Bxh6 14. Qxh6 Qf6 15. h5 Qg7 16. hxg6 (16. Qxg7+ $16 Kxg7 17. Ne3) 16... Qxh6 17. Rxh6 hxg6 18. Ne3 Kg7 $1 {[%cal Rg7h6]} 19. Rh2 b5 {Accuracy: White = 56%, Black = 100%.} 1/2-1/2

[Event "Kragero Resort A 2020"]
[Site "Kragero"]
[Date "2020.02.20"]
[Round "4.4"]
[White "Chatalbashev, Boris"]
[Black "Salimova, Nurgyul"]
[Result "1-0"]
[WhiteElo "2514"]
[BlackElo "2372"]
[Annotator "TA"]
[PlyCount "103"]
[EventDate "2020.02.19"]
[EventType "swiss"]
[EventCountry "NOR"]
[SourceTitle "playchess.com"]
[Source "ChessBase"]
[SourceQuality "1"]

{[%evp 10,103,11,0,0,0,0,0,0,0,-8,-7,1,2,-4,4,6,3,42,49,43,56,48,41,63,49,57,72,73,63,62,27,37,40,36,39,92,73,77,81,90,76,81,84,88,81,141,132,135,78,80,79,100,58,60,71,88,88,98,96,97,112,109,85,107,90,120,121,171,163,164,164,160,167,176,172,169,88,164,160,154,163,157,117,326,291,29982,29983,29982,29982,29995,170,29996,29997,29997,29998]} 1. d4 Nf6 2. c4 e6 3. Nc3 Bb4 4. Nf3 O-O 5. Bg5 c5 6. Rc1 h6 {E21: Nimzo-Indian: 4 Nf3.} 7. Bh4 cxd4 8. Nxd4 d5 {The position is equal. 8...d5 scores better than 8...Nc6.} 9. cxd5 g5 10. Bg3 Qxd5 $1 11. a3 Bxc3+ $1 12. bxc3 {[#]} e5 $146 ({Predecessor:} 12... Ne4 13. f3 Nxg3 14. hxg3 Kg7 15. e4 Qe5 16. Kf2 Bd7 17. Qd2 Qc5 18. Qe3 b6 {½-½ (45) Harikrishna,P (2743)-Kramnik,V (2779) Batumi 2018}) 13. Nf3 e4 14. Qxd5 Nxd5 15. c4 Nf6 16. Nd4 e3 17. f3 Nc6 18. Nxc6 bxc6 19. Be5 Nd7 20. Bd4 Re8 21. Rc3 Nb6 22. h4 {aiming for hxg5.} g4 (22... Rb8 $1 $14 23. Rxe3 Rxe3 24. Bxe3 Nxc4 25. Bxa7 Rb1+ 26. Kf2 g4) 23. Bxe3 $16 Na4 24. Rb3 h5 25. Bf4 Nc5 26. Rc3 Na4 27. Rc1 Nb2 ({Black should try} 27... Nc5 28. Rd1 Be6) 28. Kf2 Be6 29. c5 (29. Rc2 $142 Na4 30. c5) 29... Rad8 30. Kg3 Kh7 31. Bg5 Rd7 32. e4 gxf3 33. gxf3 Rg8 {...f6 would now be nice for Black.} 34. Kf4 (34. Rh2 {with more complications.} Na4 35. Kf2 Rb8 36. Bf6 Rb3 37. Rg2) 34... Nd3+ 35. Bxd3 $1 Rxd3 36. Rhg1 Rg6 {Threatening ...f6.} 37. Be7 $1 Rxa3 38. Rxg6 Kxg6 {[%mdl 4096] Endgame KRB-KRB} 39. Rg1+ Kh6 40. Bf8+ Kh7 41. Rg7+ Kh8 42. Rg5 Rb3 43. Rxh5+ Kg8 44. Be7 {Bf6 would kill now.} Kg7 45. Rg5+ Kh7 46. Bd8 Rd3 $2 {This move loses the game for Black.} (46... Rb8 $16 {was worth a try.}) 47. Bf6 $18 {Threatens to win with Rg7+.} a5 $2 (47... Rd2 $18 48. Ke5 Rc2) 48. Rg7+ Kh6 {[#]} 49. Rg8 $1 Rd1 50. Rh8+ Kg6 {[#]} 51. Ke5 $1 {[%csl Gh8][%cal Rh4h5]} Rh1 52. f4 {Accuracy: White = 90%, Black = 78%.} 1-0

[Event "Kragero Resort A 2020"]
[Site "Kragero"]
[Date "2020.02.20"]
[Round "4.5"]
[White "Haldorsen, Benjamin"]
[Black "Holleland, Sigve"]
[Result "1-0"]
[WhiteElo "2462"]
[BlackElo "2076"]
[Annotator "TA"]
[PlyCount "113"]
[EventDate "2020.02.19"]
[EventType "swiss"]
[EventCountry "NOR"]
[SourceTitle "playchess.com"]
[Source "ChessBase"]
[SourceQuality "1"]

{[%evp 14,113,25,13,14,8,13,16,46,8,17,0,7,0,0,37,215,197,196,200,151,181,194,76,99,101,97,87,159,158,143,150,191,188,180,198,192,194,160,168,178,104,97,103,108,98,107,98,114,88,84,0,104,105,270,159,173,172,164,170,256,222,488,501,519,516,582,572,564,567,551,547,511,434,430,401,467,467,467,467,467,467,467,467,467,467,507,502,524,524,478,439,500,479,597,587,773,765,876,791,964,902]} 1. e4 e5 2. Nf3 Nc6 3. Bc4 Nf6 4. d3 h6 5. O-O Bc5 6. Re1 d6 7. c3 O-O 8. h3 a6 {C54: Giuoco Piano: 4 c3 Nf6, main lines with 5 d4 and 5 d3.} 9. Bb3 b5 {9...Re8 is becoming the main line.} 10. Nbd2 {[%cal Bb1d2,Bd2f1,Bf1g3,Bg3h5][%mdl 32]} Be6 {The position is equal.} 11. Bc2 Bb6 12. Nf1 d5 13. exd5 Nxd5 14. Ng3 {[#]} Qf6 $146 ({Better is} 14... Qd6 $14) ({Predecessor:} 14... Re8 15. a3 Kf8 16. d4 exd4 17. cxd4 Nf6 18. Be3 Qd5 19. Qd3 Rad8 20. Rad1 Na5 {0-1 (61) Nafim,A (1585)-Mohammad Fahad,R (2337) Dhaka 2018}) 15. Nh5 Qg6 16. Nh4 $1 Qh7 17. d4 f5 18. dxe5 (18. g4 $18 {has better winning chances.}) 18... g6 19. Nf6+ Nxf6 20. exf6 Rad8 (20... Rxf6 $142 21. Rxe6 {[%mdl 64] Remove Defender} Rxe6) 21. Qf3 $16 Bd5 {[#]} 22. Qf4 $1 Rxf6 {Black wants to play ...g5.} 23. Qxh6 Qxh6 24. Bxh6 Rdd6 25. Nf3 Bxf3 26. gxf3 Na5 27. Re7 (27. a4 $18) 27... Rfe6 28. Rxe6 Rxe6 29. Kf1 Kf7 30. Bg5 Rd6 31. Re1 Re6 32. Ra1 Rd6 $1 33. a4 {Black is on the road to losing.} Kg7 $2 (33... c5 $16) 34. Re1 (34. b4 $18 Nc4 35. a5) 34... Nc4 35. Re7+ Kf8 {[#]} 36. Re2 $1 {aiming for Be7+.} Kf7 (36... Rd5 $142) 37. b3 $18 {[%cal Bb2b3,Bb3b4][%mdl 32]} Na5 $2 (37... Nb2 {keeps fighting.} 38. h4 Rd5) 38. b4 Nc4 39. a5 Nxa5 40. bxa5 Bxa5 41. Bb3+ Kg7 42. Re7+ Kf8 43. Re3 {[%cal Rg5h6]} Kg7 44. Bf4 Rc6 45. Bd5 {White is clearly winning.} Rc5 46. Be5+ Kf8 47. Bb7 b4 48. cxb4 Bxb4 49. Bxa6 Bd2 50. Re2 Bg5 51. f4 Be7 52. Bd3 Ra5 53. Bxc7 Ra3 54. Rd2 Kg7 55. Be5+ Kh6 56. Kg2 Bb4 57. Rb2 {Accuracy: White = 79%, Black = 62%.} 1-0

[Event "Kragero Resort A 2020"]
[Site "Kragero"]
[Date "2020.02.20"]
[Round "4.7"]
[White "Shehzad, Shazil"]
[Black "Seo, Jung Min"]
[Result "1/2-1/2"]
[WhiteElo "2144"]
[BlackElo "2424"]
[Annotator "NA"]
[PlyCount "104"]
[EventDate "2020.02.19"]
[EventType "swiss"]
[EventCountry "NOR"]
[SourceTitle "playchess.com"]
[Source "ChessBase"]
[SourceQuality "1"]
[TimeControl "5400+30"]

1. e4 {[%emt 0:01:27]} e5 {[%emt 0:00:00]} 2. Nf3 {[%emt 0:00:47]} Nc6 {[%emt 0:00:00]} 3. d4 {[%emt 0:00:22]} exd4 {[%emt 0:00:08]} 4. Bc4 {[%emt 0:00:07]} Nf6 {[%emt 0:00:33]} 5. e5 {[%emt 0:00:09]} d5 {[%emt 0:00:04]} 6. Bb5 {[%emt 0:00:09]} Nd7 {[%emt 0:10:56]} 7. O-O {[%emt 0:01:53]} Be7 {[%emt 0:01:40]} 8. Bxc6 {[%emt 0:00:07]} bxc6 {[%emt 0:00:01]} 9. Nxd4 {[%emt 0:00:13]} Nb8 {[%emt 0:00:04]} 10. c4 {[%emt 0:00:50]} O-O {[%emt 0:00:39]} 11. Nd2 {[%emt 0:05:09]} c5 {[%emt 0:01:33]} 12. N4f3 {[%emt 0:01:20]} c6 {[%emt 0:02:21]} 13. Qc2 {[%emt 0:01:50]} Be6 {[%emt 0:00:20]} 14. Re1 {[%emt 0:00:47]} Nd7 {[%emt 0:01:00]} 15. b3 {[%emt 0:01:13]} a5 {[%emt 0:00:17]} 16. a4 {[%emt 0:00:39]} Nb8 {[%emt 0:01:13]} 17. Ba3 {[%emt 0:04:00]} Na6 {[%emt 0:00:09]} 18. Rad1 {[%emt 0:01:47]} Qb6 {[%emt 0:00:55]} 19. Nf1 {[%emt 0:04:49]} Rab8 {[%emt 0:01:26]} 20. Rb1 {[%emt 0:00:32]} Nb4 {[%emt 0:01:04]} 21. Bxb4 {[%emt 0:01:04]} Qxb4 {[%emt 0:00:11]} 22. N3d2 {[%emt 0:02:31]} g6 {[%emt 0:01:25]} 23. Qd1 {[%emt 0:02:13]} Rfd8 {[%emt 0:01:08]} 24. Qe2 {[%emt 0:00:50]} Rd7 {[%emt 0:02:49]} 25. f4 {[%emt 0:02:51]} Rbd8 {[%emt 0:01:59]} 26. Ne3 {[%emt 0:03:54]} dxc4 {[%emt 0:03:24]} 27. Ndxc4 {[%emt 0:01:07]} Rd3 {[%emt 0:00:41]} 28. Qc2 {[%emt 0:04:42]} Rc3 {[%emt 0:06:54]} 29. Qa2 {[%emt 0:03:04]} Rcd3 {[%emt 0:00:28]} 30. Qc2 {[%emt 0:00:37]} Bh4 {[%emt 0:05:14]} 31. Red1 {[%emt 0:02:48]} R3d4 {[%emt 0:03:58]} 32. g3 {[%emt 0:01:30]} Be7 {[%emt 0:00:05]} 33. Rf1 {[%emt 0:01:50]} Bd5 {[%emt 0:03:31]} 34. Rb2 {[%emt 0:01:46]} Be4 {[%emt 0:01:01]} 35. Qc1 {[%emt 0:02:18]} Rd3 {[%emt 0:00:38]} 36. Nc2 {[%emt 0:05:07]} Qc3 {[%emt 0:00:18]} 37. Qe1 {[%emt 0:00:48]} Bf5 {[%emt 0:02:22]} 38. Qxc3 {[%emt 0:01:32]} Rxc3 {[%emt 0:00:01]} 39. N2e3 {[%emt 0:00:41]} Bh3 {[%emt 0:00:21]} 40. Re1 {[%emt 0:00:53]} Rdd3 {[%emt 0:00:25]} 41. Kf2 {[%emt 0:01:23]} Rxb3 {[%emt 0:00:10]} 42. Rxb3 {[%emt 0:00:39]} Rxb3 {[%emt 0:00:02]} 43. Nxa5 {[%emt 0:00:50]} Ra3 {[%emt 0:01:41]} 44. Nxc6 {[%emt 0:01:47]} Bf8 {[%emt 0:00:02]} 45. g4 {[%emt 0:01:59]} c4 {[%emt 0:01:24]} 46. Nd4 {[%emt 0:05:43]} h5 {[%emt 0:01:33]} 47. gxh5 {[%emt 0:01:43]} gxh5 {[%emt 0:00:01]} 48. Rg1+ {[%emt 0:01:52]} Kh7 {[%emt 0:00:01]} 49. Rg5 {[%emt 0:00:41]} Bd7 {[%emt 0:00:07]} 50. Rxh5+ {[%emt 0:00:31]} Kg8 {[%emt 0:00:02]} 51. Rg5+ {[%emt 0:00:10]} Kh7 {[%emt 0:00:02]} 52. Rh5+ {[%emt 0:00:33]} Kg8 {[%emt 0:00:01]} 1/2-1/2

[Event "Kragero Resort A 2020"]
[Site "Kragero"]
[Date "2020.02.20"]
[Round "4.8"]
[White "Sriram, Jha"]
[Black "Gretarsson, Helgi Ass"]
[Result "0-1"]
[WhiteElo "2383"]
[BlackElo "2403"]
[Annotator "TA"]
[PlyCount "106"]
[EventDate "2020.02.19"]
[EventType "swiss"]
[EventCountry "NOR"]
[SourceTitle "playchess.com"]
[Source "ChessBase"]
[SourceQuality "1"]

{[%evp 15,106,15,16,0,18,10,16,-14,0,-8,-2,-14,-14,-20,-15,-22,-15,-31,-28,-53,0,0,5,-23,-10,-21,-21,-23,160,-41,-20,-25,-30,-25,-6,-6,0,-17,0,0,1,1,1,1,1,1,1,1,1,1,1,1,1,0,0,0,0,0,0,0,0,0,8,9,10,0,0,0,0,0,0,0,0,0,0,-12,0,0,0,0,0,0,0,-24,-41,-819,-463,-875,-872,-29979,-29980,-12841,-12842]} 1. d4 g6 2. c4 Bg7 3. Nf3 e6 4. Nc3 Ne7 5. g3 O-O 6. Bg2 d5 7. O-O Nbc6 8. cxd5 exd5 9. e3 {A13: English Opening: 1...e6.} Nf5 {[#]} 10. Qb3 $146 ({Predecessor:} 10. Ne1 Nce7 11. Nd3 c6 12. b3 h5 13. h3 Nd6 14. Ba3 Re8 15. Qd2 Nef5 16. Ne5 Bh6 {0-1 (42) Wang,T (2314)-Hilby,C (2434) Charlotte 2020}) 10... Nce7 11. Bd2 {The position is equal.} c6 12. Na4 Nd6 13. Nc5 Re8 14. Rfc1 Nef5 15. a4 h5 16. h4 Bh6 17. Rc2 Ng7 (17... a5 $15) 18. Ne5 $11 Ne6 19. Nxe6 Bxe6 20. a5 a6 $1 21. Bb4 Bf5 $2 {[#]} (21... Ne4 $11) 22. Rcc1 $2 ({White has to play} 22. Bxd6 $1 $16 Bxc2 23. Qxb7 {[%mdl 64] Double Attack}) 22... Nb5 23. Bc5 f6 24. Nf3 Qd7 25. Re1 Kh7 26. Qd1 Be4 27. Nd2 Bxg2 28. Kxg2 Qf5 29. Qb1 Qxb1 30. Raxb1 Rad8 31. Nb3 Rd7 32. Bb4 Rf7 33. Rbc1 g5 34. hxg5 fxg5 35. Rh1 Kg6 36. Nc5 Bf8 37. Nd3 Bxb4 38. Nxb4 Nd6 39. Nd3 Nc4 40. b3 Nd2 $1 41. Rc2 Nf3 42. Nc5 {And now Nxb7! would win.} g4 43. Nd3 Kg5 44. Kf1 Rh7 45. Ne1 (45. b4 {is more complex.} Ree7 46. Rc1 h4 47. gxh4+ Nxh4 48. Ke2) 45... Nxe1 46. Kxe1 h4 47. gxh4+ Rxh4 48. Rxh4 Kxh4 {KR-KR} 49. Ke2 Kh3 {White must now prevent ...Kg2.} 50. f4 $2 {[%mdl 8192] This costs White the game.} (50. Kf1 $15) 50... Kg3 51. Rc1 (51. b4 $142 Rh8 52. f5) 51... Kg2 $19 52. Rf1 {[#]} Rxe3+ $1 {[%mdl 576] Deflection, Promotion} 53. Kxe3 Kxf1 {Accuracy: White = 71%, Black = 87%.} 0-1

[Event "Kragero Resort A 2020"]
[Site "Kragero"]
[Date "2020.02.20"]
[Round "4.9"]
[White "Hammer, Jon Ludvig"]
[Black "Storme, Isak"]
[Result "1/2-1/2"]
[WhiteElo "2628"]
[BlackElo "2314"]
[Annotator "TA"]
[PlyCount "49"]
[EventDate "2020.02.19"]
[EventType "swiss"]
[EventCountry "NOR"]
[SourceTitle "playchess.com"]
[Source "ChessBase"]
[SourceQuality "1"]

{[%evp 21,49,33,24,32,32,24,26,17,23,25,25,-17,0,-16,11,25,4,23,52,0,0,0,0,-15,-22,-24,-14,-15,-17,-24]} 1. c4 c5 2. Nf3 Nc6 3. Nc3 g6 4. e3 Nf6 5. d4 cxd4 6. exd4 d5 7. cxd5 Nxd5 8. Bc4 Nb6 9. Bb3 Bg7 10. O-O Nxd4 11. Nxd4 Qxd4 12. Qxd4 {B14: Caro-Kann: Panov-Botvinnik Attack with 5...e6 and 5...g6.} Bxd4 13. Nb5 Be5 14. Re1 {White has an edge.} Bb8 $1 15. Bh6 {[#]} Bd7 $146 ({Predecessor:} 15... Be6 16. Bxe6 fxe6 17. Rxe6 Kf7 18. Rae1 Re8 19. Bg5 Nc8 20. Nc3 a5 {1-0 (29) Megaranto,S (2254)-Dwyer,D (2163) Bandar Seri Begawan 2001}) 16. Bg7 Rg8 17. Bf6 $1 Be6 18. Bxe6 fxe6 19. Be5 a6 {[#] White must now prevent ...Bxe5.} 20. Nc3 (20. Bxb8 $14 Rxb8 21. Nc7+ (21. Rxe6 Nc4 $11) 21... Kf7 22. Nxe6) 20... Kf7 $11 21. Bxb8 Raxb8 22. Re4 Nd5 23. Rae1 Nxc3 24. bxc3 Rgd8 25. Rxe6 {A rather calm draw. Accuracy: White = 84%, Black = 89%.} 1/2-1/2

[Event "Kragero Resort A 2020"]
[Site "Kragero"]
[Date "2020.02.20"]
[Round "4.10"]
[White "Vijayalakshmi, Subbaraman"]
[Black "Postny, Evgeny"]
[Result "0-1"]
[WhiteElo "2331"]
[BlackElo "2611"]
[Annotator "TA"]
[PlyCount "85"]
[EventDate "2020.02.19"]
[EventType "swiss"]
[EventCountry "NOR"]
[SourceTitle "playchess.com"]
[Source "ChessBase"]
[SourceQuality "1"]

{[%evp 10,85,2,-4,-4,-4,0,-9,0,-2,0,0,5,-17,-7,-1,-19,-13,4,0,12,4,7,4,6,2,6,12,29,17,22,0,0,0,0,-13,-9,-37,-31,-37,-39,-110,-115,-219,-219,-225,-222,-220,-218,-245,-233,-216,-215,-220,-227,-207,-208,-255,0,-159,-168,-159,-163,-158,-131,-209,-208,-233,-200,-200,-116,-500,-493,-518,-506,-4994,-4790,-1587]} 1. d4 d5 2. Nf3 Nf6 3. Bf4 Bf5 4. e3 e6 5. Nbd2 Bd6 6. Bg3 O-O {D02: 1 d4 d5 2 Nf3 sidelines, including 2...Nf6 3 g3 and 2...Nf6 3 Bf4.} 7. c4 c6 8. Be2 h6 {The position is equal.} 9. Ne5 {[#]} Be7 $146 ({Predecessor:} 9... Bb4 10. f3 Nbd7 11. O-O Bh7 12. a3 Ba5 13. Rc1 Bc7 14. f4 Ne4 15. cxd5 Nxg3 16. hxg3 Nxe5 17. fxe5 exd5 {½-½ (24) Kock,H (2157)-Meyer,H Eckernfoerde 2001}) 10. O-O Nbd7 11. c5 Nxe5 12. Bxe5 Nd7 13. Bg3 e5 14. b4 Bf6 15. Nb3 a6 16. a4 Re8 17. dxe5 Nxe5 18. Nd4 Bd7 19. Qc2 Qc8 20. Rab1 Bg4 21. Bxg4 Qxg4 22. b5 axb5 23. axb5 (23. h3 $5 {[%cal Rh3g4]} Qc8 24. Bxe5 Bxe5 25. axb5 $11) 23... Nc4 24. bxc6 bxc6 25. Nxc6 (25. h3 $15 Qd7 26. Rb4) 25... Qc8 $17 {White must now prevent ...Na3.} 26. Nd4 (26. Nb4 $17 Na3 {[%mdl 64] Double Attack} 27. Qd3 Nxb1 28. Rxb1) 26... Na3 $19 27. Qc3 Nxb1 28. Rxb1 {[#]} Ra4 $1 29. Bd6 Bxd4 30. exd4 Qf5 31. Rf1 Rc4 32. Qb2 Qd3 33. Be5 Qf5 $2 ({Black should try} 33... f6 $19 34. Qb5 Re7) 34. h3 $2 (34. Bd6 $1 $11) 34... f6 $17 35. Qb5 Qe6 36. Bg3 Kh7 37. Rd1 (37. f3 $17) 37... Qe2 $19 38. Qb1+ Qe4 39. Qb5 {[#]} Re6 (39... Qc2 $1 $19 {[%cal Rc2d1]} 40. Ra1 Qc3) 40. f3 $2 {[%mdl 8192] This move loses the game for White.} (40. Qd7 $17) 40... Qc2 {Black is clearly winning.} 41. Rf1 Rxd4 {Threatens to win with ...Re2.} 42. Rf2 (42. Qb1 $142 Re2 43. Qxc2+ Rxc2 44. Be1) 42... Re1+ 43. Rf1 {Accuracy: White = 60%, Black = 87%.} 0-1